000 01394cgm a2200325 a 4500
001 vtls003064320
003 MY-SjTCS
005 20200226110711.0
008 081124s2000 cau155 s00 v|eng d
039 9 _a200811241825
_bVLOAD
_y200709271503
_zpushpa
082 0 4 _a791.43
_bGLA
245 0 0 _aGladiator
_h[videorecording] /
_cDreamworks Pictures and Universal Pictures present ; producer, Douglas Wick, Branko Lustig ; director, Ridley Scott; producer/story/screenplay, David Franzoni ; screenwriter, John Logan.
250 _aSpecial ed..
260 _aUniversal City, CA :
_bDreamWorks Home Entertainment :
_bUniversal Studios,
_cc2000.
300 _a3 videodiscs (ca 155 min.) :
_bsd. col. ;
_c4 3/4 in.
520 _aWhen a Roman general is betrayed and his family is murdered by a corrupt prince, he comes to Rome as a gladiator to seek revenge.
650 0 _aGladiators
_vDrama.
650 0 _aFeature films
_928544
651 0 _aRome
_xHistory
_yCommodus, 180-192
_vDrama.
651 0 _aRome
_xHistory
_yMarcus Aurelius, 161-180
_vDrama.
700 1 _aScott, Ridley.
700 1 _aLogan, John.
700 1 _aWick, Douglas.
_926171
700 1 _aCrowe, Russell,
_d1964-
_926172
700 1 _aLustig, Branko.
_926173
700 1 _aFranzoni, David.
710 2 _aDreamworks Home Entertainment (Firm)
_917219
710 2 _aUniversal Pictures (Firm)
_919267
920 _aMCS: VCD200003
999 _c70946